Na okraj Týždňa slovenských knižníc. (vo Verejnej knižnici Jána Bocatia v Košiciach)

Bibliographic Details
Main Author: Kernerová, Klára, 1951- (Author)
Format: Article
Language:Slovak
ISSN:1335-7026
Subjects:

MARC

LEADER 00000nab a2200000 a 4500
001 vtls000907644
003 SK-MaSNL
005 20260305013649.0
008 250505e20010000xo 0 slo
035 |a KE16581 
035 |a urn:nbn:sk:snk-abby21 
035 |a (urnnbn)urn:nbn:sk:snk:ar-000rpm 
035 |a (uuid)1d0a52ee-af56-4f0e-bf1e-bbc7c37a24a0 
040 |a SNKBUCL  |b slo  |c SNKBUCL  |e AACR2 
041 0 |a slo 
044 |a xo  |c SK 
080 |a 027.53:885.0-3:929  |2 1981 
100 1 |a Kernerová, Klára,  |d 1951-  |4 aut 
245 1 0 |a Na okraj Týždňa slovenských knižníc. (vo Verejnej knižnici Jána Bocatia v Košiciach) 
610 2 7 |a Verejná knižnica Jána Bocatia v Košiciach  |2 KEVKJB  |9 29554 
611 2 7 |a Týždeň slovenských knižníc  |d (2001 :  |c Košice, Slovensko)  |2 KEVKJB  |9 878220 
650 0 7 |a knižnice  |2 KEVKJB  |9 17965 
651 7 |a Košice (Slovensko)  |2 KEVKJB  |9 18694 
773 0 |t Knižnica  |g Roč. 2, č.6 (2001), s. 318-319  |x 1335-7026 
850 |a Slovenská národná knižnica 
852 |a Slovenská národná knižnica 
954 |a odborná, vedecká literatúra pôvodná (slovenská)  |2 lita 
958 |a article15 
958 |a OND 
958 |a EUIPO 
999 |c 3265360  |d 3267290